000 00436nam a2200181Ia 4500
001 19357
005 20260306172647.0
008 260306t2003||||xx |||||||||||||| ||spa||
041 _aESP
082 _a658.8342
_bS66C
100 _aSolé Moro, María Luisa
_eAUT
245 0 _aLos consumidores del siglo XXI
260 _c2003
300 _a224 páginas :
_c24 cm.
650 _aGEN
654 _aCAN
942 _cLIB
_dJUS
_fJUS
_2ddc
_n
999 _c19357
_d19357